000 00814njm a2200277Ia 4500
001 20506
003 IT-RoPAU
005 20220918181129.0
008 131025s9999 xx 000 0 und d
040 _aIT-RoPAU
040 _cIT-RoPAU
999 _c100403
_d100403
999 _bn.d.
100 _aDavis Miles
_91828
100 _eAutore musica
_91829
100 _gCodice autore musica SPICS: 10734
_91830
245 _aMiles Davies (1)
250 _a1a ed.
260 _aROMA
260 _bSPICS RECORDS
_c1982 [1a Ed.:1982 - Ed. Lingua Orig.: 1982]
300 _aMUSICASSETTA
500 _aMusica jazz
505 _aConcerto di Miles Davies a Roma del 26 aprile 1982
650 _aJAZZ [CASSETTE]
_eCodice MATERIA SPICS: 9951
_91831
700 _aStefanangeli Anna Maria
_gCodice autore SPICS: 1037
_91832
942 _cMC
_2ddc